México en el siglo XX : 1900-1913 : textos y documentos /

Compilación de documentos cuya reunión es dar cuenta, por medio de fuentes originales, del desarrollo socio-político de México durante el siglo XX. Incluye una primera parte introductoria sobre los antecedentes porfiristas, para ocuparse luego del período pre-revolucionario y, finalmente, de la etap...

Ful tanımlama

Kaydedildi:
Detaylı Bibliyografya
Yazar: Contreras, Mario (comp.)
Diğer Yazarlar: Tamayo, Jesús (compilación) (compilación)
Materyal Türü: Kitap
Dil:İspanyolca
Baskı/Yayın Bilgisi: México : UNAM, Centro de Estudios Latinoamericanos, 1975, c1975
Seri Bilgileri:(Lecturas Universitarias ; 22)
Konular:
Etiketler: Etiketle
Etiket eklenmemiş, İlk siz ekleyin!

MARC

LEADER 00000nam^a2200000^a^4500
001 000099966
005 20250521000000.0
009 20260310093145.991
037 |a Acervo ITESO - Biblioteca 
041 |a ESP 
082 |a 972. 06  |b CON V. 1 
100 |a Contreras, Mario  |e (comp.) 
240 1 1 |a [México en el siglo XX] 
245 1 0 |a México en el siglo XX :  |b 1900-1913 : textos y documentos /  |c Comp. de M. Contreras, J. Tamayo. 
264 4 |a México :  |b UNAM, Centro de Estudios Latinoamericanos,  |c 1975, c1975 
300 |a 528 p. 
336 |a texto  |b txt  |2 rdacontenido 
337 |a sin mediación  |b n  |2 rdamedio 
338 |a volumen  |b nc  |2 rdasoporte 
440 1 |a (Lecturas Universitarias ;  |v 22) 
520 |a Compilación de documentos cuya reunión es dar cuenta, por medio de fuentes originales, del desarrollo socio-político de México durante el siglo XX. Incluye una primera parte introductoria sobre los antecedentes porfiristas, para ocuparse luego del período pre-revolucionario y, finalmente, de la etapa maderista. 
649 |a XX 
650 |a México -  |x Historia -  |y Porfirismo, 1876-1911 
650 |a México -  |x Historia -  |y República Liberal, 1867-1911 
650 |a México -  |x Historia -  |y Revolución Maderista, 1910-1911 
650 |a México -  |x Historia -  |y Revolución, 1910-1917 
650 |a México -  |x Historia -  |y Siglo XX 
650 |a México -  |x Historia -  |x Documentos 
650 |a Política -  |z México 
650 |a Economía -  |z México 
700 |a Tamayo, Jesús  |e (compilación) 
910 |a Fondo General 
920 |a Impresos - Libros 
930 |a Colección General 
905 |a 101 
901 |a 0500035830  |b IT1  |c ACC  |u 20250521 
902 |a https://opac.biblio.iteso.mx/vufind/Record/000099966